000 00334nam a22001457a 4500
008 230418b ||||| |||| 00| 0 eng d
020 _a9789004349001
041 _aeng
080 _2VOLUME126
_a94
082 _a94
100 _a28
101 _aHISTORI
245 _aHOW LABOUR BUILT NEOLIBERALISIM
_cHUMPHRYS E
942 _2udc
_cBK
999 _c59566
_d59566